[Event "3rd Georgi Agzamov Mem"]
[Site "Tashkent AZE"]
[Date "2009.03.23"]
[Round "8"]
[White "Kvon,A"]
[Black "Khamroev,R"]
[Result "1/2-1/2"]
[WhiteElo "2425"]
[BlackElo "2206"]

1.e4 d5 2.exd5 Qxd5 3.Nc3 Qd6 4.d4 Nf6 5.Nf3 c6 6.Ne5 Nbd7 7.Bf4 Nd5 8.Nxd5 Qxd5
9.Qd3 g5 10.Nxd7 gxf4 11.Nxf8 Rxf8 12.c4 Qa5+ 13.Qd2 Qxd2+ 14.Kxd2 Bf5 15.Bd3 Bg6
16.Rae1 Rg8 17.Bxg6 Rxg6 18.Re4 Rxg2 19.Rxf4 e6 20.Ke2 Kf8 21.Rh4 Kg7 22.Rd1 Rg5
23.Rd3 h6 24.Rdh3 Rg6 25.Rf4 Rd8 26.a4 a5 27.Re3 Rd7 28.Kd3 Kh7 29.Rg3 e5
30.Re4 Rgd6 31.Rxe5 Rxd4+ 32.Kc3 Rf4 33.f3 b6 34.Re4 Rf5  1/2-1/2

[Event "Open A"]
[Site "Zagreb CRO"]
[Date "2009.03.24"]
[Round "4"]
[White "Kristovic,M"]
[Black "Mrdja,M"]
[Result "0-1"]
[WhiteElo "2330"]
[BlackElo "2386"]

1.e4 d5 2.exd5 Qxd5 3.Nc3 Qd6 4.Nb5 Qb6 5.a4 c6 6.a5 Qd8 7.Nc3 Nf6 8.Nf3 e6
9.Ra4 Nbd7 10.d4 Bd6 11.Bd3 Bc7 12.b4 O-O 13.O-O Re8 14.Bg5 h6 15.Bh4 e5
16.dxe5 Nxe5 17.Nxe5 Bxe5 18.Ne4 g5 19.Nxf6+ Qxf6 20.Bg3 Bf5 21.a6 b5 22.Bxe5 Rxe5
23.Ra3 Rd8 24.h3 Rd4 25.Rc3 Red5 26.Qb1 Rf4 27.Qe1 Bd7 28.Rc5 Rdd4 29.g3 Rf3
30.Kg2 Kg7 31.Qe2 Rxb4 32.Rh1 g4 33.hxg4 Bxg4 34.Qd2 Rd4 35.Qe1 Rfxd3 36.cxd3 Bf3+
37.Kh2 Rh4+  0-1

[Event "Open"]
[Site "Reykjavik ISL"]
[Date "2009.03.26"]
[Round "3"]
[White "Eliasson,K"]
[Black "Halldorsson,G"]
[Result "1-0"]
[WhiteElo "1940"]
[BlackElo "2248"]

1.e4 d5 2.exd5 Qxd5 3.Nc3 Qd6 4.Nf3 g6 5.d4 Bg7 6.Be2 Nf6 7.Nb5 Qd8 8.c4 O-O
9.Bf4 Na6 10.O-O c6 11.Nc3 Nh5 12.Be3 f5 13.Qb3 Kh8 14.Rad1 b6 15.Ne5 f4
16.Bc1 Bxe5 17.dxe5 Qc7 18.Bf3 Ng7 19.Ne4 Qxe5 20.Rfe1 Be6 21.Qa3 Bxc4 22.Nd6 exd6
23.Rxe5 dxe5 24.Bxc6 Rad8 25.Re1 Rf7 26.b3 Nb8 27.Bf3 Bb5 28.h3 Bc6 29.Rxe5 Bxf3
30.gxf3 Nc6 31.Re4 g5 32.Bb2 h6 33.Qa4 Rd6 34.Re8+ Kh7 35.Qe4+ Rg6 36.Rh8+ Kxh8
37.Qxg6 Nd8 38.Bf6  1-0

[Event "TCh-NED 2008-9"]
[Site "Netherlands NED"]
[Date "2009.03.28"]
[Round "7"]
[White "Swinkels,R"]
[Black "Schebler,G"]
[Result "1/2-1/2"]
[WhiteElo "2459"]
[BlackElo "2453"]

1.e4 d5 2.exd5 Qxd5 3.Nc3 Qd6 4.d4 Nf6 5.Nf3 g6 6.Nb5 Qd8 7.c4 c6 8.Nc3 Bg4
9.Be2 Bg7 10.h3 Bxf3 11.Bxf3 O-O 12.O-O Nbd7 13.Re1 Nb6 14.b3 Re8 15.Bf4 e6
16.Qd2 a5 17.a4 Nbd7 18.Rad1 Qb6 19.Qc2 Rac8 20.h4 h5 21.Bd6 Bf8 22.Bxf8 Kxf8
23.Qb2 Qc7 24.g3 Kg8 25.Qc2 Kg7 26.Qb2 Kg8 27.Re2 e5 28.d5 Nc5 29.Qc2 Qb6
30.Rb1 Rcd8 31.Re3 Kg7 32.Kg2 cxd5 33.Nxd5 Nxd5 34.Bxd5 Na6 35.Qc3 Qc7 36.Rbe1 f6
37.f4 Nb4 38.fxe5 Nxd5 39.cxd5 Qxc3 40.Rxc3 Rxe5 41.Rc7+ Kh6 42.Rxe5 fxe5
43.Rxb7 Rxd5 44.Rb5 Rd2+ 45.Kh3 Rd3 46.Rxa5 Rxb3 47.Rxe5 Ra3 48.a5 Ra2 49.Rg5 Kg7
50.g4 hxg4+ 51.Kxg4 Ra4+ 52.Kg3 Ra3+ 53.Kf2 Kf6 54.Rb5 Rh3 55.Rb4 Ra3 56.Rb6+ Kf5
57.a6 Ra4 58.Ke3 Rxh4 59.Rb5+ Ke6 60.Ra5 Rh8 61.Kd4 Kd6 62.Rg5 Rh4+ 63.Kc3 Kc7
64.Rxg6 Kb8 65.Kb3 Ka8 66.Rd6 Ka7 67.Rc6  1/2-1/2

[Event "Open A"]
[Site "Zagreb CRO"]
[Date "2009.03.28"]
[Round "8"]
[White "Brkic,A"]
[Black "Kovacevic,Bl"]
[Result "1/2-1/2"]
[WhiteElo "2550"]
[BlackElo "2457"]

1.e4 d5 2.exd5 Qxd5 3.Nc3 Qd6 4.d4 c6 5.Nf3 Nf6 6.Ne5 Nbd7 7.Nc4 Qc7 8.Qf3 Nb6
9.Bf4 Qd7 10.O-O-O Qg4 11.Qxg4 Bxg4 12.f3 Be6 13.Na5 Nfd5 14.Nxd5 Nxd5 15.Bd2 O-O-O
16.c4 Nc7 17.Bc3  1/2-1/2

[Event "Victor Ciocaltea Mem"]
[Site "Bucharest ROM"]
[Date "2009.03.29"]
[Round "7"]
[White "Chirila,I"]
[Black "Roganovic,Milo"]
[Result "1-0"]
[WhiteElo "2485"]
[BlackElo "2475"]

1.e4 d5 2.exd5 Qxd5 3.Nc3 Qd6 4.d4 Nf6 5.Bc4 Be6 6.d5 Bg4 7.f3 Bf5 8.Nge2 c6
9.Qd4 Nxd5 10.Bxd5 cxd5 11.Bf4 Qd7 12.Qxd5 Nc6 13.O-O-O Qxd5 14.Rxd5 e6 15.Rd2 Be7
16.Nb5 O-O 17.Bd6 Rfd8 18.Bxe7 Rxd2 19.Kxd2 Nxe7 20.c4 a6 21.Nbd4 Rd8 22.Kc3 e5
23.Nxf5 Nxf5 24.Nc1 f6 25.Re1 Nh4 26.Re2 Rd1 27.Nd3 Rh1 28.h3 b6 29.b4 Kf7
30.c5 b5 31.f4 Rg1 32.c6 Ke6 33.fxe5 fxe5 34.Rxe5+ Kd6 35.Rc5 Kc7 36.Nf4 Rc1+
37.Kd4 Rd1+ 38.Ke3 Rd6 39.Nd5+ Kc8 40.Nb6+ Kc7 41.Nd5+ Kc8 42.Kd4 Ng6 43.h4 Re6
44.h5 Nh4 45.Rc2 Nf5+ 46.Kc5 Re5 47.Rf2  1-0

[Event "Spring Open"]
[Site "Belgrade SRB"]
[Date "2009.03.30"]
[Round "8"]
[White "Grubisic,Il"]
[Black "Radlovacki,J"]
[Result "1-0"]
[WhiteElo "2265"]
[BlackElo "2387"]

1.e4 d5 2.exd5 Qxd5 3.Nc3 Qd6 4.d4 Nf6 5.Nb5 Qd8 6.c4 c6 7.Nc3 e5 8.dxe5 Qe7
9.Qe2 Nfd7 10.f4 Nc5 11.Be3 Nba6 12.O-O-O Bf5 13.Bxc5 Nxc5 14.g4 Bd7 15.Bg2 Qh4
16.h3 O-O-O 17.Qe3 f5 18.exf6 Qxf6 19.Nge2 Qf7 20.b3 Be7 21.Ng3 Rhe8 22.Nge4 Nxe4
23.Nxe4 a5 24.Rhf1 a4 25.Qa7 h5 26.f5 hxg4 27.hxg4 axb3 28.axb3 Bb4 29.Qb6 Qf8
30.Kc2 Rxe4 31.Bxe4 Bc5 32.Qa5 Bb4 33.Qe5 Re8 34.Qd4 Qe7 35.Bf3 Rd8 36.Qe4 Qc5
37.Ra1 Kc7 38.Rfd1 Rh8 39.Qf4+ Kb6 40.Rxd7 Qf2+ 41.Kd3  1-0

[Event "Victor Ciocaltea Mem"]
[Site "Bucharest ROM"]
[Date "2009.04.01"]
[Round "10"]
[White "Szabo,G ROM"]
[Black "Roganovic,Milo"]
[Result "1/2-1/2"]
[WhiteElo "2506"]
[BlackElo "2475"]

1.e4 d5 2.exd5 Qxd5 3.Nc3 Qd6 4.d4 Nf6 5.Bc4 c6 6.Nge2 g6 7.Bf4 Qd8 8.Qd2 Nbd7
9.Bb3 Nb6 10.Bh6 Nbd5 11.Bxf8 Kxf8 12.f3 Kg7 13.Ne4 Be6 14.c4 Nc7 15.Nxf6 exf6
16.O-O c5 17.d5 Bd7 18.Nf4 Ne8 19.d6 a5 20.Rad1 Ra6 21.Qf2 a4 22.Bc2 Nxd6
23.Nh5+ gxh5 24.Qg3+ Kf8 25.Rxd6 Rxd6 26.Qxd6+ Qe7  1/2-1/2

[Event "16th TCh-RUS Premier"]
[Site "Dagomys RUS"]
[Date "2009.04.05"]
[Round "2"]
[White "Lanin,A"]
[Black "Tiviakov,S"]
[Result "1/2-1/2"]
[WhiteElo "2457"]
[BlackElo "2697"]

1.e4 d5 2.exd5 Qxd5 3.Nc3 Qd6 4.d4 Nf6 5.Nf3 c6 6.g3 Bg4 7.Bg2 e6 8.h3 Bxf3
9.Bxf3 Be7 10.Ne2 Nbd7 11.c3 Qc7 12.Bf4 Bd6 13.Bxd6 Qxd6 14.Qd2 O-O 15.O-O Rad8
16.Rad1 e5 17.Bg2 Rfe8 18.dxe5 Qxd2 19.Rxd2 Nxe5 20.Rfd1 Rxd2 21.Rxd2 Nc4
22.Rc2 Rd8 23.Nd4 c5 24.Bf1 Ne5 25.f4 Ng6 26.Nf3 Kf8 27.Rd2 Rxd2  1/2-1/2

[Event "XXXII Open"]
[Site "Donostia San Sebastian ESP"]
[Date "2009.04.06"]
[Round "3"]
[White "Kogan,Ar"]
[Black "Martinez Pelaez,D"]
[Result "1-0"]
[WhiteElo "2541"]
[BlackElo "1967"]

1.e4 d5 2.exd5 Qxd5 3.Nc3 Qd8 4.Nf3 Nf6 5.d4 c6 6.Bc4 Bf5 7.Ne5 e6 8.g4 Bg6
9.h4 Bb4 10.f3 Bxc2 11.Qxc2 Qxd4 12.Qe2 Bxc3+ 13.bxc3 Qxc3+ 14.Kf2 Qxa1 15.Rd1 Qc3
16.Nxf7 Nxg4+ 17.fxg4 O-O 18.Kg2 Na6 19.Bb2 Qb4 20.Nh6+ Kh8 21.Bxg7+ Kxg7
22.Qe5+  1-0

[Event "47th Doeberl Cup Premier"]
[Site "Canberra AUS"]
[Date "2009.04.09"]
[Round "1"]
[White "Lane,G"]
[Black "Fitzpatrick,A"]
[Result "1-0"]
[WhiteElo "2371"]
[BlackElo "2022"]

1.e4 d5 2.exd5 Qxd5 3.Nc3 Qd6 4.d4 Nf6 5.Nf3 a6 6.g3 b5 7.Bg2 Bb7 8.O-O e6
9.Ne5 Bxg2 10.Kxg2 Nbd7 11.Qf3 Rb8 12.Bf4 Qb6 13.Nc6 Bd6 14.Nxb8 Qxb8 15.Bxd6 cxd6
16.Qc6 b4 17.Ne4 Nxe4 18.Qxe4 O-O 19.Rfe1 Rc8 20.Re2 Qb6 21.Qd3 d5 22.Rd2 Rc4
23.a3 a5 24.axb4 axb4 25.Ra8+ Nb8 26.Qb3 g6 27.Qa4 Kf8 28.Qd7 h6 29.h4 h5
30.Kg1  1-0

[Event "ArcelorMittal Open"]
[Site "Frydek Mistek CZE"]
[Date "2009.04.09"]
[Round "2"]
[White "Skoda,M"]
[Black "Karhanek,P"]
[Result "0-1"]
[WhiteElo "2029"]
[BlackElo "2192"]

1.e4 d5 2.exd5 Qxd5 3.Nc3 Qd6 4.d4 Nf6 5.Nf3 a6 6.Bc4 Bg4 7.Qd3 Nc6 8.Ne4 Nxe4
9.Qxe4 Bxf3 10.Qxf3 Qb4+ 11.Qc3 Nxd4 12.Bb3 Qxc3+ 13.bxc3 Nxb3 14.axb3 e6
15.Ba3 Bxa3 16.Rxa3 O-O-O 17.Ke2 Rd5 18.Rd1 Re5+ 19.Kf1 Rd8 20.Rd3 Rdd5 21.Ra4 Kd7
22.Rb4 b6 23.Ra4 a5 24.Rh4 h5 25.c4 Rd6 26.Rhd4 Kc6 27.c3 Re4 28.Rxd6+ cxd6
29.Rg3 g6 30.Rf3 f5 31.Rg3 Rg4 32.Re3 e5 33.h3 Rg5 34.Rd3 f4 35.Rd5 Rf5 36.f3 Rf8
37.Rd2 a4 38.bxa4 Ra8 39.Ke2 Rxa4 40.Kd3 Kc5 41.Rb2 Rxc4 42.Ra2 d5 43.Ra8 e4+
44.fxe4 dxe4+ 45.Kd2 Kb5 46.Rf8 g5 47.h4 gxh4 48.Rxf4 e3+ 49.Kxe3 Rxf4 50.Kxf4 Kc4
51.Kg5 Kxc3 52.Kxh4 b5 53.Kxh5 b4 54.g4 b3 55.g5 b2 56.g6 b1=Q 57.Kh6 Qh1+
58.Kg7 Kd4 59.Kg8 Qd5+ 60.Kf8 Qf5+  0-1

[Event "Foxwoods Open"]
[Site "Ledyard USA"]
[Date "2009.04.09"]
[Round "2"]
[White "Sapozhnikov,R"]
[Black "Stopa,Ja"]
[Result "0-1"]
[WhiteElo "2153"]
[BlackElo "2471"]

1.e4 d5 2.exd5 Qxd5 3.Nc3 Qd6 4.d4 Nf6 5.Nf3 c6 6.g3 Bf5 7.Bg2 e6 8.O-O Nbd7
9.Bf4 Qb4 10.Rb1 Be7 11.Re1 O-O 12.h3 Nd5 13.Bd2 Qb6 14.Ne4 N7f6 15.Nxf6+ Bxf6
16.Bg5 Rfd8 17.Bxf6 Nxf6 18.Qe2 Be4 19.c3 Bxb1 20.Rxb1 c5 21.Re1 Rac8 22.dxc5 Rxc5
23.Nd4 e5 24.Nf5 g6 25.Nh6+ Kg7 26.Qe3 Rb5 27.Qg5 e4 28.Qf4 Qd6 29.Qe3 Qd2  0-1

[Event "LV Abierto Mexicano"]
[Site "Toluca MEX"]
[Date "2009.04.09"]
[Round "3"]
[White "Mitkov,N1"]
[Black "Araque,R"]
[Result "1-0"]
[WhiteElo "2530"]
[BlackElo "2287"]

1.e4 d5 2.exd5 Qxd5 3.Nc3 Qd6 4.d4 Nf6 5.Nf3 a6 6.Bd3 Bg4 7.Ne4 Nxe4 8.Bxe4 Nc6
9.c3 O-O-O 10.h3 Qe6 11.Qe2 Bxf3 12.Bxf3 Qxe2+ 13.Kxe2 e6 14.Rd1 Be7 15.g4 Rhe8
16.Be3 Nb8 17.a4 Nd7 18.Kf1 h6 19.Be2 Nf6 20.c4 a5 21.Rac1 Bb4 22.f4 Nd7
23.Bf2 c5 24.d5 exd5 25.cxd5 Re4 26.f5 Rde8 27.Bb5 b6 28.Rc2 h5 29.Re2 hxg4
30.hxg4 Kd8 31.Bg3 c4 32.Rxe4 Rxe4 33.g5 Be7 34.f6 gxf6 35.d6 Bf8 36.gxf6 Bh6
37.Kg2 Bg5 38.Kf3 Nxf6 39.Bf2 Rf4+ 40.Kg2 Nd7 41.Rh1 Bf6 42.Bg3 Rd4 43.Rf1 Rd2+
44.Kh3 Rxb2 45.Bxd7 Kxd7 46.Rxf6 Ke8 47.Rf4 Rb3 48.Rxc4 Kd8  1-0

[Event "47th Doeberl Cup Premier"]
[Site "Canberra AUS"]
[Date "2009.04.10"]
[Round "3"]
[White "Roy Chowdhury,S"]
[Black "Nadig,K"]
[Result "1-0"]
[WhiteElo "2469"]
[BlackElo "2361"]

1.e4 d5 2.exd5 Qxd5 3.Nc3 Qd6 4.d4 Nf6 5.Nf3 c6 6.Be2 Bg4 7.h3 Bh5 8.O-O e6
9.Bg5 Nbd7 10.Qd2 Be7 11.a3 Qc7 12.Rfe1 O-O 13.Ne5 Bxe2 14.Qxe2 Nb6 15.Rad1 Nfd5
16.Nxd5 cxd5 17.Bxe7 Qxe7 18.Rd3 Rac8 19.Rg3 Nc4 20.Nxc4 Rxc4 21.c3 Rc6 22.Qe5 f5
23.Qxd5 Qf7 24.Qe5 Rb6 25.Re2 f4 26.Rf3 h6 27.c4 Qg6 28.c5 Rb5 29.Rxf4 Rxf4
30.Qxf4 Qb1+ 31.Kh2 Rxb2 32.Rxe6 Qc2 33.d5 Qd3 34.d6 Kh7 35.Re8  1-0

[Event "ArcelorMittal Open"]
[Site "Frydek Mistek CZE"]
[Date "2009.04.10"]
[Round "3"]
[White "Hricko,M"]
[Black "Trombik,K"]
[Result "1-0"]
[WhiteElo "1930"]
[BlackElo "2143"]

1.e4 d5 2.exd5 Qxd5 3.Nc3 Qd6 4.g3 c6 5.Bg2 Nf6 6.d3 e5 7.Nf3 Bg4 8.O-O Nbd7
9.Qe1 O-O-O 10.Be3 Qb8 11.a4 Bb4 12.a5 a6 13.Nd2 Be6 14.Ra4 Bd6 15.Nc4 Bc7
16.Qa1 Nd5 17.Nxd5 cxd5 18.Nb6+ Nxb6 19.axb6 Bd6 20.c4 d4 21.Bd2 Bc5 22.b4 Bxb6
23.c5 Ba7 24.c6 Bd5 25.b5 Bxg2 26.Kxg2 Qd6 27.cxb7+ Kxb7 28.Rxa6 Qd5+ 29.Kg1 Ra8
30.Rc1 Bc5 31.Qa5 Rhc8 32.Bb4 Qd8 33.Qxd8 Rxd8 34.Rxc5 f6 35.Rcc6 Rd7  1-0

[Event "Foxwoods Open"]
[Site "Ledyard USA"]
[Date "2009.04.10"]
[Round "5"]
[White "Santarius,E"]
[Black "Stopa,Ja"]
[Result "1-0"]
[WhiteElo "2252"]
[BlackElo "2471"]

1.e4 d5 2.exd5 Qxd5 3.Nc3 Qd6 4.d4 Nf6 5.Nf3 c6 6.Be2 Bf5 7.Ne5 e6 8.Bf4 Qd8
9.O-O h6 10.Re1 Nbd7 11.Bd3 Bxd3 12.Qxd3 Nxe5 13.Bxe5 Be7 14.Ne4 Nxe4 15.Qxe4 Bf6
16.Rad1 Qd5 17.Bxf6 gxf6 18.Qf4 Rg8 19.g3 Rg6 20.b3 O-O-O 21.c4 Qd6 22.Qe3 Kb8
23.d5 cxd5 24.cxd5 exd5 25.Qe7 Qd7 26.Rd3 f5 27.Qxd7 Rxd7 28.Re5 d4 29.Rxf5 Ra6
30.a4 Kc8 31.Rf4 Rad6 32.Kf1 Kd8 33.Ke2 Ke7 34.Rdf3 Kf8 35.Rf6 d3+ 36.Kd2 Rd4
37.Rxh6 Rb4 38.Rxd3 Rxd3+ 39.Kxd3 Rxb3+ 40.Ke2 Rb2+ 41.Kf3 Rb3+ 42.Kg2 a5
43.Rh8+ Kg7 44.Rb8 Rb4 45.h4 Kg6 46.Kf3 f5 47.Kg2 Kg7 48.Kh3 Kg6 49.f3 Rb3
50.f4 Rb1 51.Rg8+ Kf7 52.Rg5 Ke6 53.h5 Ra1 54.Rg6+ Kf7 55.Kh4 Rxa4 56.Kg5 Rb4
57.h6 Rb3 58.g4 Rc3 59.Rg7+ Kf8 60.Kxf5 Rc5+ 61.Kg6 Rc6+ 62.Kg5 Rb6 63.f5 a4
64.f6  1-0

[Event "11th European Senior Team"]
[Site "Velden AUT"]
[Date "2009.04.10"]
[Round "6"]
[White "Denda,R"]
[Black "Maes,V"]
[Result "1/2-1/2"]
[WhiteElo "2066"]
[BlackElo "2150"]

1.e4 d5 2.exd5 Qxd5 3.Nc3 Qd6 4.d4 Nf6 5.Nge2 c6 6.Bf4 Qd8 7.Qd2 Bf5 8.Ng3 Bg6
9.Bc4 e6 10.a3 Nbd7 11.O-O Be7 12.Rad1 O-O 13.Bd3 Nd5 14.Bxg6 fxg6 15.Nxd5 cxd5
16.Be3 Nb6 17.c3 Nc4 18.Qe2 Bd6 19.f4 b5 20.Bc1 Rb8 21.Rf2 a5 22.Nf1 b4 23.axb4 axb4
24.Ne3 Nxe3 25.Qxe3 bxc3 26.bxc3 Rb1 27.Rb2 Rxb2 28.Bxb2 Qb8 29.Bc1 Qb3 30.Rf1 Ra8
31.g3 Ra2 32.Bd2 Qc2 33.Rf2 Qd1+ 34.Kg2 Ra1 35.Qe2 Qh1+ 36.Kh3 Qb1 37.Kg2 Qg1+
38.Kh3 Ra2 39.Qe1 Qxe1 40.Bxe1 Rxf2 41.Bxf2 Bc7 42.Kg4 Ba5 43.Be1 Kf8 44.Kf3 Ke7
45.Ke3 Kd7 46.Kd3 Kc6 47.Kc2 Kb5 48.Kb3 Bd8  1/2-1/2

[Event "ch-WLS"]
[Site "Cardiff WLS"]
[Date "2009.04.11"]
[Round "3"]
[White "Smith,O"]
[Black "Thomas,Jam"]
[Result "1-0"]
[WhiteElo "2015"]
[BlackElo "1854"]

1.e4 d5 2.exd5 Qxd5 3.Nc3 Qd6 4.d4 Nf6 5.Nf3 a6 6.g3 Bg4 7.Bg2 Nc6 8.Bf4 Qe6+
9.Ne2 Bxf3 10.Bxf3 O-O-O 11.O-O Qd7 12.c3 e6 13.b4 Nd5 14.a4 Nxf4 15.Nxf4 Bd6
16.Nd3 h5 17.b5 Nb8 18.Qb3 a5 19.c4 b6 20.Rfd1 Qe7 21.Bg2 Nd7 22.c5 bxc5
23.Nxc5 Bxc5 24.Qf3 Nb6 25.Qb7+ Kd7 26.Qc6+ Kc8 27.dxc5 Nd5 28.Bxd5 exd5
29.Qa8+ Kd7 30.Rxd5+ Ke8 31.Rxd8+ Qxd8 32.Re1+  1-0

[Event "XXXII Open"]
[Site "Donostia San Sebastian ESP"]
[Date "2009.04.11"]
[Round "9"]
[White "Trigo Urquijo,S"]
[Black "Argandona Riveiro,I"]
[Result "1/2-1/2"]
[WhiteElo "2216"]
[BlackElo "2371"]

1.e4 d5 2.exd5 Qxd5 3.Nc3 Qd6 4.d4 Nf6 5.Bc4 a6 6.Bb3 Nc6 7.Nge2 Bf5 8.Bf4 Qd7
9.Qd2 O-O-O 10.O-O-O e6 11.d5 exd5 12.Nxd5 Ne4 13.Qe1 Bc5 14.Bxc7 Bxf2 15.Qf1 Bg6
16.Bf4 b5 17.Nec3 Qa7  1/2-1/2

[Event "XXVII Open"]
[Site "Metz FRA"]
[Date "2009.04.11"]
[Round "1"]
[White "Le Ruyet,L"]
[Black "Epishin,V"]
[Result "1/2-1/2"]
[WhiteElo "2032"]
[BlackElo "2591"]

1.e4 d5 2.exd5 Qxd5 3.Nc3 Qd6 4.d4 Nf6 5.Nf3 c6 6.Ne5 Nbd7 7.Bf4 Nd5 8.Nxd5 Qxd5
9.Qf3 Qxf3 10.Nxf3 Nb6 11.c3 Be6 12.Bd3 Bd5 13.Ke2 f6 14.a4 g5 15.Bc7 e6
16.a5 Bxf3+ 17.Kxf3 Nd5 18.Bg3 h5 19.h4 g4+ 20.Ke2 Kd7 21.f3 Rg8 22.Be4 Bh6
23.Bxd5 cxd5 24.f4 Rac8 25.Kd3 Rc6 26.Rhf1 Re8 27.Rfe1 a6 28.Re2 f5 29.Rae1 Rec8
30.Ra1 Rd6 31.Ra4 Rdc6 32.Ra1 Bg7 33.Be1 Bf6 34.g3 Bd8 35.Ra3 Bc7 36.Rc2 Bd6
37.Ra2 Bc7 38.Ra3 Rg8 39.b4 Rc4 40.Rca2 Rc8 41.Rb3 Kc6 42.Re2 Re8 43.Ra3 Kb5
44.Kc2 Rc6 45.Kd3 Ra8 46.Rea2 Bd8 47.Bd2 b6 48.axb6 Rxb6 49.Rb3 Kc6 50.Rba3 Kb7
51.Ra5 Rc8 52.Be1 Rd6 53.R5a4 Rc4 54.Rb2 Rb6 55.Ra5 Rc8 56.Rba2 Ra8 57.Bd2 Bc7
58.Be1 Rc6 59.R5a3 Rd6 60.Ra4 Rdd8 61.Re2 Re8 62.Rea2 Bb6 63.Bd2 Ra7 64.Be1 Rc8
65.Re2 Rc6 66.Rea2 Bd8 67.b5 Rb6 68.Rxa6 Raxa6 69.Rxa6 Rxa6 70.bxa6+ Kxa6
71.Kc2 Kb5 72.Kb3 Kc6 73.Bf2 Bb6 74.Kb4 Kd7 75.Be1 Bd8 76.Kb3 Be7 77.Bf2  1/2-1/2

[Event "11th European Senior Team"]
[Site "Velden AUT"]
[Date "2009.04.11"]
[Round "7"]
[White "Arp,F"]
[Black "Koskinen,V"]
[Result "1-0"]
[WhiteElo "2095"]
[BlackElo "1999"]

1.e4 d5 2.exd5 Qxd5 3.Nc3 Qd6 4.d4 Nf6 5.Nf3 a6 6.Be2 e6 7.O-O Be7 8.Ne5 c5
9.Be3 O-O 10.Nc4 Qc7 11.dxc5 Nbd7 12.Nb6 Rb8 13.Nxc8 Rbxc8 14.b4 Rfd8 15.Qc1 Nb8
16.a4 Nc6 17.Qb2 Nd4 18.Bxd4 Rxd4 19.Nb5 Qf4 20.Qxd4  1-0

[Event "47th Doeberl Cup Premier"]
[Site "Canberra AUS"]
[Date "2009.04.12"]
[Round "7"]
[White "Nguyen Thu Giang"]
[Black "Fitzpatrick,A"]
[Result "1-0"]
[WhiteElo "2105"]
[BlackElo "2022"]

1.e4 d5 2.exd5 Qxd5 3.Nc3 Qd6 4.d4 Nf6 5.Nf3 a6 6.g3 Bg4 7.Bg2 Nc6 8.d5 Nb4
9.Bf4 Qd7 10.Ne5 Bxd1 11.Nxd7 Bg4 12.Nxf6+ gxf6 13.Rc1 Bf5 14.O-O O-O-O 15.a3 Nxc2
16.Ne4 Nd4 17.Rxc7+ Kb8 18.Rc4+ e5 19.dxe6 Ka8 20.Be3 Nxe6 21.Rfc1 Be7 22.Bb6 Rde8
23.Nc3 Rc8 24.Nd5 Rxc4 25.Rxc4 Bd6 26.f4 h5 27.Nxf6 h4 28.Kf2 hxg3+ 29.hxg3 Bd3
30.Rc3 Bb5 31.Ne4 Bb8 32.f5 Ng7 33.Bd4 Rg8 34.g4 Bc6 35.Bf3 Ne8 36.Rxc6 bxc6
37.Nf6  1-0

[Event "80th Viktor Kart Jubilee"]
[Site "Lvov UKR"]
[Date "2009.04.12"]
[Round "2"]
[White "Stips,F"]
[Black "Vidonyak,R"]
[Result "1/2-1/2"]
[WhiteElo "2189"]
[BlackElo "2414"]

1.e4 d5 2.exd5 Qxd5 3.Nc3 Qd8 4.d4 c6 5.Nf3 Nf6 6.Bc4 e6 7.Qe2 b5 8.Bb3 Be7
9.O-O O-O 10.Bg5 Bb7 11.Rfe1 Nbd7 12.Rad1 a6 13.Ne5 Nxe5 14.Qxe5 a5 15.a4 b4
16.Ne4 Nxe4 17.Bxe7 Qxe7 18.Rxe4 Rfe8 19.Rd3 c5  1/2-1/2

[Event "47th Doeberl Cup Premier"]
[Site "Canberra AUS"]
[Date "2009.04.13"]
[Round "9"]
[White "Guo,E"]
[Black "Nguyen Thu Giang"]
[Result "0-1"]
[WhiteElo "1845"]
[BlackElo "2105"]

1.e4 d5 2.exd5 Qxd5 3.Nc3 Qd6 4.h3 Nf6 5.Nf3 a6 6.Bc4 b5 7.Bb3 Bb7 8.a3 c5
9.d3 e6 10.O-O Be7 11.Qe2 Nbd7 12.Re1 O-O 13.Ng5 Rfe8 14.Nce4 Nxe4 15.Nxe4 Qc6
16.f3 Nb6 17.Be3 Nd5 18.Bf2 f5 19.Nd2 Bf6 20.c4 Nf4 21.Qe3 Bg5 22.cxb5 axb5
23.Qxc5 Qxc5 24.Bxc5 Nxd3 25.Rxe6 Rxe6 26.Bxe6+ Kh8 27.Bd4 Bxd2 28.Rd1 Nf4
29.Bxf5 Ne2+ 30.Kf2 Nxd4  0-1

[Event "11th European Senior Team"]
[Site "Velden AUT"]
[Date "2009.04.13"]
[Round "9"]
[White "Isopp,M"]
[Black "Koskinen,V"]
[Result "1/2-1/2"]
[WhiteElo "1971"]
[BlackElo "1999"]

1.e4 d5 2.exd5 Qxd5 3.Nc3 Qd6 4.d4 Nf6 5.Nf3 a6 6.Be3 e6 7.Bd3 Nbd7 8.O-O b5
9.Ng5 Bb7 10.f3 c5 11.Nge4 Qc7 12.dxc5  1/2-1/2

[Event "16th ch-Asian Cities Dubai Cup"]
[Site "Beirut LIB"]
[Date "2009.04.16"]
[Round "1"]
[White "Abhishek,D"]
[Black "Nassar,M"]
[Result "1/2-1/2"]
[WhiteElo "2286"]
[BlackElo "2114"]

1.e4 d5 2.exd5 Qxd5 3.Nc3 Qd6 4.d4 Nf6 5.Nf3 a6 6.g3 b5 7.Bg2 Bb7 8.O-O e6
9.Re1 Nbd7 10.a4 b4 11.Bf4 Qb6 12.a5 Qa7 13.Na4 Bd6 14.Bxd6 cxd6 15.Qd2 Rb8
16.Qf4 Bxf3 17.Bxf3 Qc7 18.c4 bxc3 19.Nxc3 Rxb2 20.Rac1 Qb8 21.Be2 O-O 22.Bxa6 e5
23.dxe5 dxe5 24.Qc4 Qa7 25.Nd1 Rd2 26.Ra1 e4 27.Qf1 Ne5 28.Be2 Nd5 29.a6 Rc8
30.Rb1 Rc7 31.Rb2 Rxb2 32.Nxb2 g6 33.Nc4 Nd3 34.Bxd3 exd3 35.Qxd3 Qxa6 36.Qe4 Qa4
37.Qxd5 Qxc4 38.Re8+ Kg7 39.Qxc4 Rxc4  1/2-1/2

[Event "Sydney International Open"]
[Site "Parramatta AUS"]
[Date "2009.04.16"]
[Round "4"]
[White "Rej,T"]
[Black "Watson,Ja"]
[Result "1-0"]
[WhiteElo "2308"]
[BlackElo "2101"]

1.e4 d5 2.exd5 Qxd5 3.Nc3 Qd6 4.Bc4 Nf6 5.d4 a6 6.Nf3 b5 7.Bb3 e6 8.Ne5 c5
9.Qf3 cxd4 10.Ne2 Qxe5 11.Qxa8 Bb4+ 12.Kf1 Qc7 13.Qf3 Bb7 14.Bf4 Qc8 15.Qg3 Nbd7
16.c3 Nh5 17.Qh4 Qc6 18.f3 Nxf4 19.Qxf4 dxc3 20.Qxb4 cxb2 21.Rd1 f6 22.Qc3  1-0

[Event "Sydney International Open"]
[Site "Parramatta AUS"]
[Date "2009.04.16"]
[Round "4"]
[White "Lau,Jo"]
[Black "Cunanan,K"]
[Result "0-1"]
[WhiteElo "1862"]
[BlackElo "1991"]

1.e4 d5 2.exd5 Qxd5 3.Nc3 Qd6 4.d4 a6 5.Nf3 Nf6 6.Bc4 e6 7.O-O Be7 8.Be3 O-O
9.Qd2 b5 10.Bd3 Bb7 11.Ne5 c5 12.Be2 Rd8 13.Rad1 Qc7 14.f4 Nc6 15.Nxc6 Bxc6
16.Qe1 Bb7 17.Qf2 b4 18.Na4 Ne4 19.Qe1 cxd4 20.Bxd4 Qxc2 21.Nb6 Rxd4 22.Rc1 Qxb2
23.Nxa8 Bxa8 24.Bxa6 Nc3 25.Rf2 Qa3 26.Bf1 Bc5 27.Kh1 h6 28.Rd2 Rxd2 29.Qxd2 Bd5
30.Ra1 Ne4 31.Qc2 Qe3 32.Bb5 Nf2+ 33.Kg1 Nd1+ 34.Kf1 Qxf4+ 35.Ke1 Qe5+ 36.Kxd1 Qxa1+
37.Qc1 Qxc1+ 38.Kxc1 Bxa2 39.Kb2 Bd5 40.g3 Bd4+ 41.Kc2 b3+ 42.Kb1 Be4+ 43.Kc1 b2+
44.Kd2 b1=Q 45.Be2 Qc2+ 46.Ke1 Be3 47.Bg4 Qd2+ 48.Kf1 Qf2+  0-1

[Event "Sydney International Open"]
[Site "Parramatta AUS"]
[Date "2009.04.17"]
[Round "5"]
[White "Yuan,Y2"]
[Black "Jule,S"]
[Result "1-0"]
[WhiteElo "2010"]
[BlackElo "1847"]

1.e4 d5 2.exd5 Qxd5 3.Nc3 Qd6 4.d4 Nf6 5.Nf3 a6 6.Be2 Nc6 7.O-O e6 8.Re1 Be7
9.Bg5 b5 10.Bxf6 Bxf6 11.Ne4 Qd8 12.d5 Na5 13.dxe6 Bxe6 14.Qxd8+ Bxd8 15.Nd4 O-O
16.Nxe6 fxe6 17.Nc5 Bf6 18.c3 e5 19.Bf3 Ra7 20.b3 Rd8 21.Rad1 Rd6 22.Rd5 g6
23.Red1 Rxd5 24.Bxd5+ Kg7 25.Be4 c6 26.Rd7+ Rxd7 27.Nxd7 Nb7 28.Bxc6 Nd8
29.Nxf6 Nxc6 30.Ne4 b4 31.cxb4 Nxb4 32.a4 Nc6 33.Kf1 a5 34.Ke1 Nd4 35.Nc5 Kf6
36.Kd2 Kf5 37.Kc3 h5 38.Kc4 g5 39.Nb7 Nc6 40.Kc5 Nb4 41.Nxa5 Nd3+ 42.Kd5 e4
43.Nc4 g4 44.Nd6+ Kf4 45.Nxe4  1-0

[Event "Sydney International Open"]
[Site "Parramatta AUS"]
[Date "2009.04.17"]
[Round "6"]
[White "Dragicevic,Do"]
[Black "Cunanan,K"]
[Result "1-0"]
[WhiteElo "2251"]
[BlackElo "1991"]

1.e4 d5 2.exd5 Qxd5 3.Nc3 Qd6 4.d4 a6 5.Nf3 Nf6 6.Bc4 e6 7.O-O Be7 8.Re1 O-O
9.Qe2 b5 10.Bb3 Bb7 11.Bg5 Nbd7 12.d5 e5 13.Nxe5 Rae8 14.Nxd7 Qxd7 15.Qd3 Qd6
16.Ne4 Nxe4 17.Qxe4 f6 18.Bf4 Qb6 19.Qe6+ Qxe6 20.Rxe6 Bd8 21.d6 Rxe6 22.Bxe6+ Kh8
23.dxc7 Be7 24.Rd1 g5 25.Bd6 Re8 26.Bd7 Bxd6 27.Bxe8  1-0

[Event "TCh-NED 2008-9"]
[Site "Netherlands NED"]
[Date "2009.04.18"]
[Round "8"]
[White "Fiebig,T"]
[Black "Grafl,F"]
[Result "1/2-1/2"]
[WhiteElo "2405"]
[BlackElo "2404"]

1.e4 d5 2.exd5 Qxd5 3.Nc3 Qd6 4.d4 Nf6 5.Nf3 a6 6.g3 Bg4 7.Bg2 Nc6 8.O-O O-O-O
9.d5 Ne5 10.Bf4 Nxf3+ 11.Bxf3 Bxf3 12.Qxf3 e5 13.dxe6 Qxe6 14.Bg5 Bd6 15.Rfe1 Be5
16.Re2 h6 17.Bf4 Nd7 18.Qe3 f6 19.Bxe5 Qxe5 20.Qf3 Qc5 21.b4 Qc4 22.Re4 Qc6
23.Qe3 Nb6 24.Re1 Kb8 25.Re6 Nc4 26.Qf4 Rd6 27.Rxd6 Nxd6 28.Qd4 Rd8 29.Re7 Re8
30.Rxe8+ Qxe8 31.a4 Qc6 32.h4 Qc4 33.Qxc4 Nxc4 34.Nd5 c6 35.Nf4 Na3 36.c3 Nb1
37.c4 Na3 38.h5 Nxc4 39.Ne6 b5 40.axb5 cxb5 41.Kf1 Ne5 42.Nxg7 Nd3 43.Nf5 Nxb4
44.Nxh6 Nc6 45.Ng8 a5 46.h6 Ne5 47.Nxf6 Nf7 48.h7 a4 49.Nd5 a3 50.Nb4 Kc7
51.Ke2 Kd6 52.Kd3 Ke5 53.Kc3 Kf6 54.Kb3 Kg7 55.Kxa3 Ne5 56.Kb3 Kxh7 57.Kc3 Kg6
58.Kd4 Kf5 59.Nd3 Nf3+ 60.Ke3 Ng5 61.f3 Ne6 62.Nb4 Nc5 63.Kf2 Ke5 64.Ke3 Kf5
65.Ke2 Nd7 66.Nc6 Kg5 67.Ke3 Nf6 68.Nb4 Nh5 69.Kf2 Ng7 70.g4 Kh4 71.Ke3 Kg5
72.Nd5 Ne8 73.Kd4 Nd6 74.Ke5 Nf7+ 75.Ke4 Nh6 76.Ne3 b4 77.f4+ Kg6 78.Nc4 Nxg4  1/2-1/2